1162 1205 1455 1639 1630 1764 1827 1944 1552 1681 1868 1329 1778 1287 1796 1779 1048 1152 1463 1887 1384 1840 1320 1367 1563 1727 1225 1590 1521 1499 1036 1275 1261 1588 1218 1819 1124 1815 1442 1316 1229 1435 1098 1456 1901 1937 1233 1021 1639 1218 1084 1460 1695 1653 1456 1141 1012 1138 1601 1731 1551 1439 1878 1277 1070 1373 1533 1363 1108 1366 1985 1249 1084 1107 1984 1187 1505 1317 1086 1899 1090 1311 1106 1853 1691 1780 1726 1672 1417 1495 1618 1934 1308 1505 1845 1551 1677 1560 1537 BCNSPRNW ULIB Ver.6.0+V

เปลี่ยนเป็นภาษาไทย

Change to English
 แสดงรายละเอียดบรรณานุกรม
  กลับหน้าหลัก

Brief Record : Get Marc (ISO 2709) : E-mail record : QR code < ปิดหน้าต่าง
LEADER : 00000nam 2200000uu 4500
001    13399122191
003     ULIB
008    130109s2548||||th 000 0 tha d
060  4 ^aWK810^bส839ค
100 0  ^aสุภาวดี ลิขิตมาศกุล
245 00 ^aเบาหวานในเด็กและวัยรุ่น/^cสุภาวดี ลิขิตมาศกุล
260    ^aกรุงเทพฯ:^bสมาคมผู้ให้ความรู้โรคเบาหวาน,[2548]
300    ^a24 หน้า
650  7 ^aโรคเบาหวาน
710 1  ^aสมาคมผู้ให้ความรู้โรคเบาหวาน
945    ^p30^l0^i033395
995    ^aเกษร
999    ^aใช้งานได้ทุกระบบ
รายการนี้ยังไม่มีแท็ก
คุณยังไม่ได้ล็อกอิน คุณสามารถมีกิจกรรมร่วมกับเว็บไซต์ได้ แต่ต้องล็อกอินก่อน ::
  ล็อกอิน

รายการสื่อสารสนเทศ

ลำดับที่ ประเภท เลขเรียก/บาร์โค้ด สถานที่ สถานะ
1. วิทยาศาสตร์การแพทย์ และสุขภาพ
หนังสือสำรอง
สถานะ=หนังสือสำรอง
WK810 ส839ค ฉ.1 
  Barcode: 033395
ห้องสมุดวิทยาเขตสวรรค์ประชารักษ์
►หนังสือทั่วไป
บนชั้น

รายการใกล้เคียง
    ผู้แต่ง [สุภาวดี ลิขิตมาศกุล]

    หัวเรื่อง [โรคเบาหวาน]

BibComment


ยังไม่เคยถูกคอมเมนท์

คอมเมนท์ทรัพยากรรายการนี้
  คอมเมนท์: เบาหวานในเด็กและ..


 Copyright 2026. Bcnsprnw @Library